000 02475cam a2200337Ii 4500
999 _c10406
_d10406
001 951227297
003 OCoLC
005 20241126110731.0
008 160606s2016 mnu b 001 0 eng d
020 _a1451484577
020 _a9781451484571
035 _a(OCoLC)951227297
040 _aYDXCP
_beng
_erda
_cYDXCP
_dBTCTA
_dBDX
_dTEF
_dLTS
_dOCLCO
_dLNT
_dOCLCO
050 _aBT819.5
_b.F79 2016
082 _a236
_bFRY
100 1 _aFrykholm, Amy Johnson,
_d1971-
_918083
245 1 0 _aChristian understandings of the future :
_bthe historical trajectory /
_cAmy Frykholm
264 1 _aMinneapolis :
_bFortress Press,
_c[2016]
300 _a366 pages ;
_c22 cm
336 _atext
_2rdacontent
337 _aunmediated
_2rdamedia
338 _avolume
_2rdacarrier
490 1 _aChristian understandings
504 _aIncludes bibliographical references (page 349) and index
505 0 _aChristian futures: an introduction -- Part I. Origins. Prophecies and riddles: Jewish prophetic and apocalyptic traditions -- Parables and resurrection: already and not yet in the Jesus tradition -- Seeds and sheafs: the eschatology of the Apostle Paul -- Alpha and omega: the book of Revelation -- Part II. Historical developments. Martyrs: early Christianity -- Time: Origen -- Patriae: Augustine of Hippo -- Legends: Pseudo-Methodius and the Antichrist -- Sketches: Gregory the Great -- Songs: Celtic sources -- Polemics: Bernard and Hildegard -- Patterns: Joachim of Fiore -- Circles: Dante Alighieri -- Visions: Julian of Norwich and the Black Plague -- Maps: Christopher Columbus -- Urgency: Martin Luther -- Taxonomies: Isaac Newton and John Donne -- Anxieties: John Calvin, Increase Mather, and Second Advent theologians -- Images: virgins of the apocalypse -- Liberation: eschatology and enslaved Africans in North America -- Jeremiads: Jonathan Edwards and the American republic -- Utopies: postmillennial America -- Charts: prophecy belief 1850-1950 -- Part III. Contemporary challenges. Theories: from Albert Schweitzer to Karl Rahner -- Protests: from Martin Luther King Jr. to Leymah Gbowee -- Clocks: the atomic age -- Failures: the limits of Christian futures -- Questions: science and Christian eschatology -- Towardness
650 0 _aEschatology
_xHistory of doctrines
_918084
650 0 _aFuture, The
_xReligious aspects
_918085
650 0 _aApocalyptic literature
_xHistory and criticism
_916305
830 0 _aChristian understandings
_918027
942 _2ddc
_cBK